00529nam a2200169Ia 450000500170000000800410001702000180005808200130007610000160008924500450010526000490015030000120019950000300021194200060024195200970024799900150034420250529022410.0240331s9999 xx 000 0 und d a9789559102878 bRICa303 aRichadson,J 0aYuddaye padam palavipaka saha pasubaseem aColombobSocial Scientists Associationc2008 a46 p ., aconsequences and setbacks cL 001040708LaWERCLbWERCLcSSCd2024-03-31l0o 303.6 RICp6257r2024-03-31w2024-03-31yL c5266d5266